Пропуснатата жена (Запис номер 195216)
[ съкратено ]
| 000 -Лидер | |
|---|---|
| Контролно поле с фиксирана дължина | 01317nam a2200349 c 4500 |
| 003 - Код на организацията, давaща контролен номер | |
| Контролно поле | BLK |
| 005 - Дата и час на последна редакция | |
| Контролно поле | 20231219091136.0 |
| 008 - Елементи от данни с фиксирана дължина | |
| fixed length control field | 180411b bul|||||r ||||||| ||bul|| |
| 010 ## - Наследен системен номер | |
| LC control number | KNG00204465000 |
| 020 ## - Международен стандартен номер на книга ISBN | |
| Международен стандартен номер на книга ISBN | 9789548692618 |
| 040 ## - Източник на каталожния запис | |
| Идентификатор на билиотеката - собственик на записа | BLK |
| 041 ## - Код за език | |
| Код за езика на текст/звукозапис или на отделно заглавие | Български |
| Код за езика КДБФ | Български |
| 072 #7 - Код за тематичната категория | |
| Код организация | bullib |
| Код за тематична категория | Н83 |
| Текст | Чужда художествена литература Н |
| 080 ## - УДК | |
| Текстов определител УДК | Белгийска литература |
| УДК код - определител по УДК | 821.133.1(493) |
| УДК определител | -31 |
| УДК - код + определител | 821.133.1(493)-31 |
| 100 1# - Редна дума - Автор | |
| Автор | Жоб, Армел |
| Авторска отговорност | първи автор |
| R(LIN) | 68578 |
| 139 ## - Редно поле | |
| Редна дума | Жоб, Армел |
| Авторски знак | Жо - Ж 69 |
| 245 10 - Сведения за заглавието | |
| Заглавие | Пропуснатата жена |
| Подзаглавни данни | Роман |
| Редно поле (дума) | Армел Жоб; прев. от фр. Светлана Панчева. |
| 257 ## - Страна на издаване | |
| Страна на създаване/издаване | Белгия |
| 260 ## - Област на издателските данни | |
| Име на издателя, разпространителя и проч. | Аквариус |
| Година на издаване | 2017 |
| Печатница | София : Дайрект сървисиз |
| Място на издаване, разпространение и проч. | София |
| 300 ## - Физическа характеристика | |
| Страници | 220 с. |
| Размери/Мащаб | 19 см |
| 380 ## - Жанр | |
| Жанр | Худож. лит. |
| 500 ## - Общи забележки | |
| Забележка | Ориг. загл.: La femme manquee / Armel Job. - Биогр. данни за авт. |
| 659 ## - Тематичен бюлетин | |
| Тематичен бюлетин | Н |
| 700 1# - Други автори (авторска отговорност) | |
| Лично име | Панчева, Светлана Недялкова |
| 9 (RLIN) | 106486 |
| 852 ## - Местоположение | |
| Форматна сигнатура | Цб 285005 |
| 856 4# - Електронен адрес и достъп | |
| Електронен формат | pdf - файл |
| 856 4# - Електронен адрес и достъп | |
| Електронен формат | pdf - файл |
| 999 ## - СИСТЕМНИ КОНТРОЛНИ НОМЕРА | |
| Koha biblionumber | 195216 |
| Koha biblioitemnumber | 195216 |
| 942 ## - АРТИКУЛИ | |
| Вид на библиотечния материал | Книги |
| Скрит в OPAC | Не |
| Периодичен библиозапис | Да |
| Koha issues (borrowed), all copies | 3 |
| 944 ## - СЪЗДАВАНЕ И РЕДАКЦИЯ на ЗАПИСА | |
| Създаване/Редакция | Създаване |
| Дата на регистрацията/редакция | 04.04.2017 |
| Служител, извършил регистрацията/редакцията | 30560 |
| Статус, дата на статуса | Геновева Генчева |
| 944 ## - СЪЗДАВАНЕ И РЕДАКЦИЯ на ЗАПИСА | |
| Създаване/Редакция | Редакция |
| Дата на регистрацията/редакция | 12.05.2017 |
| Служител, извършил регистрацията/редакцията | Геновева_Генчева |
| 999 ## - СИСТЕМНИ КОНТРОЛНИ НОМЕРА | |
| Koha biblioitemnumber | 195216 |
| Код за отписване | Код за изгубен артикул | Код за повреда | Коз за рестрикции | Код за отдаване | Артикулен № | Име на библиотеката - собственик | Име на библиотеката, в която се намира в момента | Статус (Текущо местоположение) | Дата на вписване в системата | Местоположение - отдел | Цена в лева | Инвентарен номер | Систематично азбучна сигнатура | Баркод | Номер на екземпляра | Цена в евро | Служебна бележка | Служебен тип на артикула | Източник на класификационната схема |
|---|---|---|---|---|---|---|---|---|---|---|---|---|---|---|---|---|---|---|---|
| Не е изгубен | Не е повреден | без рестрикции | ползва се в читалня | 341029 | Регионална библиотека "Любен Каравелов" Русе | Регионална библиотека "Любен Каравелов" Русе | Хранилище | 2017-04-05 | Хранилище | 11.99 | 120000809823 | Цб 285005 | 120000809823 | 1 | 6.13 | Дост: Dp Вид: Д N: 10 Дата: 20.02.2017 | Книги | ||
| Не е изгубен | Не е повреден | заемане за дома | 799119 | Регионална библиотека "Любен Каравелов" Русе | Регионална библиотека "Любен Каравелов" Русе | Заемна - подръчен фонд | 2020-09-16 | Заемна - подръчен фонд | 8.37 | 821-31/Ж 69 А | 120000846515 | 4.28 | Книги | Universal Decimal Classification |